German Cities By Picture - Statistics

General Stats
  • This quiz has been taken 42 times
  • The average score is 12 of 16
Answer Stats
Picture Answer % Correct
Berlin
100%
Hamburg
100%
Frankfurt
97%
Cologne
94%
Munich
94%
Düsseldorf
86%
Leipzig
83%
Dresden
81%
Dortmund
69%
Bremen
67%
Essen
67%
Hanover
67%
Nuremberg
64%
Stuttgart
64%
Duisburg
50%
Münster
33%
No matching quizzes found
Score Distribution
Percent of People with Each Score
Percentile by Number Answered
Your Score History
You have not taken this quiz